1943 1195 1271 1882 1756 1638 1327 1774 1686 1229 1904 1810 1509 1211 1050 1383 1871 1994 1088 1481 1780 1213 1367 1330 1042 1172 1088 1058 1218 1974 1948 1262 1936 1961 1130 1869 1560 1017 1068 1981 1907 1056 1134 1592 1385 1622 1923 1151 1139 1883 1553 1179 1832 1039 1545 1010 1173 1446 1182 1660 1603 1901 1166 1383 1163 1575 1016 1829 1953 1749 1889 1949 1827 1369 1431 1577 1311 1559 1528 1782 1207 1407 1112 1072 1103 1562 1582 1053 1904 1418 1452 1369 1472 1239 1869 1691 1379 1300 1333 BCNSPRNW ULIB Ver.6.0+V

เปลี่ยนเป็นภาษาไทย

Change to English
 แสดงรายละเอียดบรรณานุกรม
  กลับหน้าหลัก

Brief Record : Get Marc (ISO 2709) : E-mail record : QR code < ปิดหน้าต่าง
LEADER : 00000nam 2200000uu 4500
001    13399110901
003     ULIB
008    110613s||||||||th 000 0 tha d
020    9749006607
050  4 AC158^bป542ส 2546
100    ปาซาซอฟฟ์,เจย์ เอ็ม
245    แสงและเสียง = ^bSound and Light/ ^cผู้แต่ง ปาซาซอฟฟ์,เจย์ เอ็ม ; แปลและเรียบเรียง วีรชัย สิริพันธ์วราภรณ์ และรัชภาคย์ จิตต์อารี
246 31 สำรวจโลกวิทยาศาสตร์
260    กรุงเทพฯ : ^bเพียร์สัน เอ็ดดูเคชั่น อินโดไซน่า, ^c2546
300    174 หน้า : ^bภาพประกอบ ; ^c27 ซม.
650  7 แสง
650  7 ความรู้
650  7 เสียง
700    สุทัศน์ ยกส้าน,^eบรรณาธิการ
700    วีรชัย สิริพันธ์วราภรณ์, ^eผู้แปล
700    รัชภาคย์ จิตต์อารี, ^eผู้แปลร่วม
945    ^p0^l0^i028548
995    ทศพร
999 ^a ใช้งานได้ทุกระบบ
รายการนี้ยังไม่มีแท็ก
คุณยังไม่ได้ล็อกอิน คุณสามารถมีกิจกรรมร่วมกับเว็บไซต์ได้ แต่ต้องล็อกอินก่อน ::
  ล็อกอิน

รายการสื่อสารสนเทศ

ลำดับที่ ประเภท เลขเรียก/บาร์โค้ด สถานที่ สถานะ
- ไม่พบข้อมูล -

รายการใกล้เคียง
    หัวเรื่อง [แสง]
    หัวเรื่อง [ความรู้]
    หัวเรื่อง [เสียง]

BibComment


ยังไม่เคยถูกคอมเมนท์

คอมเมนท์ทรัพยากรรายการนี้
  คอมเมนท์: แสงและเสียง Sou..


 Copyright 2026. Bcnsprnw @Library